| 000 | 00407 a2200169 4500 | ||
|---|---|---|---|
| 020 | _a0534955568 | ||
| 040 |
_aDLC _bDLC |
||
| 082 | _a515 | ||
| 100 | 1 | _aTan, Soo Tang. | |
| 245 | 1 | 0 |
_aApplied calculus _cS.T. Tan. |
| 250 | _a4th ed. | ||
| 260 |
_aPacific Grove, Calif. : _bBrooks/Cole, _c1999. |
||
| 300 |
_a918 p. : _bill. |
||
| 500 | _aIncludes index. | ||
| 650 | 0 | _aCalculus. | |
| 942 |
_cBK _k515 TAN _2ddc |
||
| 999 |
_c7584 _d7584 |
||